| 000 | 00685nam a2200193Ia 4500 | ||
|---|---|---|---|
| 008 | 151121s9999||||xx |||||||||||||| ||und|| | ||
| 082 | _a340/सोमाणी | ||
| 082 | _bHNW-31283 | ||
| 100 | _aसोमाणी शंकरलाल | ||
| 245 | _aमाझी कथा आणि व्यथा | ||
| 260 | _b"सोमाणी प्रकाशन, सोलापूर" | ||
| 260 | _c-- | ||
| 300 | _a125 | ||
| 600 | _aसोमाणी शंकरलाल | ||
| 630 | _aमाझी कथा आणि व्यथा | ||
| 700 | _aसोमाणी शंकरलाल | ||
| 730 | _aमाझी कथा आणि व्यथा | ||
| 942 | _cBOOK | ||
| 999 |
_c1225274 _d1225271 |
||